000 00518nam a2200181Ia 4500
008 100920s9999 xx 000 0 und d
082 _b342
_a--- 0
100 _aफडके नारायण सीताराम.
245 _aप्रतिज्ञा.
260 _b---
_c0
300 _a261
_bसाधी
365 _b10
520 _aकादंबरी.
630 _aप्रतिज्ञा.
650 _aकादंबरी.
730 _aप्रतिज्ञा.
942 _cBOOK
999 _c671347
_d671344